| 000 | 00568nam a2200193 a 4500 | ||
|---|---|---|---|
| 001 | BRCA_1873 | ||
| 005 | 20190320203601.0 | ||
| 008 | 090608s1989----mx-a---###---#000-0#spa-# | ||
| 050 | 4 |
_aAM5 _b.L33 1989 |
|
| 100 | 1 |
_aLacouture, Felipe _95797 |
|
| 245 | 1 | 0 |
_aMuseología _cFelipe Lacouture. |
| 260 |
_aMéxico _bCentro Interamericano de Capacitación Museográfica _c1989? |
||
| 300 |
_a1 v. (sin paginación) _bil. _c28 cm. _eláminas |
||
| 500 | _aFotocopias | ||
| 650 | 1 | 4 |
_aMuseología _9236 |
| 650 | 1 | 4 |
_aMuseografía _95798 |
| 650 | 1 | 4 |
_aMuseos _9144 |
| 942 |
_2lcc _cB |
||
| 999 |
_c1650 _d1650 |
||